[Event "Denizli op"]
[Site "Denizli"]
[Date "2025.07.11"]
[Round "7"]
[White "Sevig, Mert Can"]
[Black "Bin Suhayl, Ieysaa"]
[Result "1-0"]
[WhiteElo "2025"]
[BlackElo "2231"]
[PlyCount "57"]
[EventDate "2025.07.07"]
[EventType "swiss"]
[EventRounds "9"]
[EventCountry "TUR"]
[SourceTitle "CB29_2025"]
[SourceDate "2025.07.16"]
[SourceVersion "1"]
[SourceVersionDate "2025.07.16"]
[SourceQuality "1"]

1. e4 c5 2. Nf3 d6 3. d4 cxd4 4. Nxd4 Nf6 5. Nc3 a6 6. Bg5 e6 7. f4 Qb6 8. Nb3 Nbd7 9. Qe2 Qc7 10. 0-0-0 b5 11. a3 Be7 12. g4 Bb7 13. Bg2 0-0 14. Kb1 Rfc8 15. Rhe1 Nb6 16. Rd3 h6 17. Bxf6 Bxf6 18. g5 hxg5 19. e5 dxe5 20. Bxb7 Qxb7 21. fxe5 Be7 22. Ne4 Qc7 23. Nd6 Rd8 24. Qh5 Bxd6 25. Rh3 Kf8 26. Qxg5 Ke8 27. exd6 Qxd6 28. Nc5 Nd7 29. Nxd7 1-0

[Event "Denizli op"]
[Site "Denizli"]
[Date "2025.07.09"]
[Round "4"]
[White "Bin Suhayl, Ieysaa"]
[Black "Akbas, Kaan"]
[Result "0-1"]
[WhiteElo "2231"]
[BlackElo "2070"]
[PlyCount "104"]
[EventDate "2025.07.07"]
[EventType "swiss"]
[EventRounds "9"]
[EventCountry "TUR"]
[SourceTitle "CB29_2025"]
[SourceDate "2025.07.16"]
[SourceVersion "1"]
[SourceVersionDate "2025.07.16"]
[SourceQuality "1"]

1. d4 Nf6 2. c4 e6 3. Nf3 a6 4. Nc3 d5 5. cxd5 exd5 6. Bg5 Be6 7. e3 Nbd7 8. Bd3 Bd6 9. 0-0 0-0 10. Qc2 Qb8 11. Bf4 c6 12. Bxd6 Qxd6 13. Ng5 h6 14. Nxe6 Qxe6 15. Rfe1 Rfe8 16. f3 Qd6 17. Rad1 c5 18. Bf5 Rad8 19. Qf2 cxd4 20. exd4 Nb8 21. Bc2 Nc6 22. Rxe8+ Rxe8 23. g3 b5 24. Kg2 Na5 25. Bd3 Nc4 26. Bxc4 dxc4 27. a3 Nd5 28. Re1 Rd8 29. Nxd5 Qxd5 30. Qd2 g5 31. Rd1 Rd6 32. g4 Rf6 33. Qe3 Re6 34. Qd2 a5 35. Rf1 Qd6 36. Rc1 Qe7 37. Kf2 Qc7 38. Kg2 Qd6 39. Rf1 b4 40. axb4 axb4 41. Rf2 Rf6 42. Re2 Qd5 43. Re4 c3 44. bxc3 b3 45. Qd3 b2 46. Re1 h5 47. c4 Qa5 48. Rb1 hxg4 49. fxg4 Qb6 50. Qd2 Qc6+ 51. d5 Qxc4 52. h3 Qe4+ 0-1

[Event "Cesme op-A 11th"]
[Site "Izmir"]
[Date "2025.06.26"]
[Round "5"]
[White "Uzdemir, Ali Poyraz"]
[Black "Bin Suhayl, Ieysaa"]
[Result "1-0"]
[WhiteElo "2108"]
[BlackElo "2231"]
[PlyCount "115"]
[EventDate "2025.06.23"]
[EventType "swiss"]
[EventRounds "9"]
[EventCountry "TUR"]
[SourceTitle "CB27_2025"]
[SourceDate "2025.07.02"]
[SourceVersion "1"]
[SourceVersionDate "2025.07.02"]
[SourceQuality "1"]

1. e4 e6 2. d4 d5 3. Nc3 Nf6 4. e5 Nfd7 5. f4 c5 6. Nf3 Nc6 7. Be3 a6 8. Qd2 b5 9. dxc5 Bxc5 10. Nd4 Qb6 11. Rd1 Nxd4 12. Bxd4 Bxd4 13. Qxd4 Qxd4 14. Rxd4 Nb8 15. Ne2 f6 16. exf6 gxf6 17. g3 Bb7 18. Bh3 Ke7 19. 0-0 Kd6 20. Nc3 Nd7 21. Re1 f5 22. Bg2 Rac8 23. g4 Rc4 24. Rxc4 bxc4 25. gxf5 exf5 26. Rd1 Nb6 27. Ne2 Kc5 28. c3 a5 29. Nd4 Rb8 30. Nxf5 Na4 31. Ne3 Nxb2 32. Rb1 Bc6 33. Nd1 Rf8 34. Rxb2 Rxf4 35. Rd2 Rf8 36. Ne3 Rd8 37. Nc2 Rb8 38. Nd4 Rb1+ 39. Kf2 Ba8 40. Ne6+ Kb6 41. Nf4 Rc1 42. Bxd5 Bxd5 43. Nxd5+ Kc6 44. Ke3 Rg1 45. Nf4 Rf1 46. Ne2 Kc5 47. Ng3 Re1+ 48. Kf4 a4 49. Ne4+ Kb5 50. Ke5 a3 51. Kd5 h5 52. Nd6+ Ka4 53. Nxc4 h4 54. Kc5 Re7 55. Rd6 Ra7 56. Rb6 Rc7+ 57. Kd5 Rd7+ 58. Kc6 1-0

[Event "Cesme op-A 11th"]
[Site "Izmir"]
[Date "2025.06.24"]
[Round "2"]
[White "Bin Suhayl, Ieysaa"]
[Black "Zerey, Demhat"]
[Result "0-1"]
[WhiteElo "2231"]
[BlackElo "2109"]
[PlyCount "82"]
[EventDate "2025.06.23"]
[EventType "swiss"]
[EventRounds "9"]
[EventCountry "TUR"]
[SourceTitle "CB27_2025"]
[SourceDate "2025.07.02"]
[SourceVersion "1"]
[SourceVersionDate "2025.07.02"]
[SourceQuality "1"]

1. Nf3 d5 2. g3 Nf6 3. Bg2 e6 4. 0-0 Be7 5. c4 d4 6. b4 0-0 7. b5 c5 8. a4 a6 9. e3 Bd6 10. exd4 cxd4 11. d3 e5 12. Nbd2 Nbd7 13. Nb3 Re8 14. Nfd2 Ra7 15. a5 b6 16. axb6 Qxb6 17. c5 Bxc5 18. Nc4 Qb8 19. Nxc5 Nxc5 20. b6 Rae7 21. Ba3 Nfd7 22. f4 exf4 23. Rxf4 Bb7 24. Bh3 Re2 25. Rf2 Rxf2 26. Kxf2 Bd5 27. Rb1 Bxc4 28. dxc4 Ne4+ 29. Kg1 Nc3 30. Qb3 Nxb6 31. Rf1 Re3 32. Kh1 Nb5 33. Qb4 Nxa3 34. c5 Nb5 35. cxb6 Qxb6 36. Qc4 Nd6 37. Qa2 g6 38. Bg2 Qb5 39. Qd2 Qe5 40. Qb4 a5 41. Qb1 d3 0-1

[Event "Ljubljana op"]
[Site "Ljubljana"]
[Date "2025.04.28"]
[Round "1"]
[White "Bin Suhayl, Ieysaa"]
[Black "Lagarde, Maxime"]
[Result "1/2-1/2"]
[WhiteElo "2219"]
[BlackElo "2622"]
[PlyCount "105"]
[EventDate "2025.04.28"]
[EventType "swiss"]
[EventRounds "9"]
[EventCountry "SLO"]
[SourceTitle "CB19_2025"]
[SourceDate "2025.05.07"]
[SourceVersion "1"]
[SourceVersionDate "2025.05.07"]
[SourceQuality "1"]

1. d4 f5 2. c4 Nf6 3. g3 g6 4. Bg2 Bg7 5. Nc3 d6 6. Nf3 0-0 7. 0-0 c6 8. b3 Qc7 9. Qc2 Na6 10. Rd1 Re8 11. Bb2 e5 12. dxe5 dxe5 13. e4 Nc5 14. Nh4 f4 15. Ne2 g5 16. Nf5 Bxf5 17. exf5 e4 18. Nd4 e3 19. b4 exf2+ 20. Kh1 fxg3 21. bxc5 Qf7 22. Ne6 Qh5 23. h3 Rxe6 24. fxe6 g4 25. Qe2 gxh3 26. Qxh5 hxg2+ 27. Kxg2 Nxh5 28. e7 Re8 29. Rd8 Kf7 30. Rxe8 Kxe8 31. Bxg7 Nxg7 32. Kxg3 Ne6 33. Kxf2 Nxc5 34. Rh1 Kxe7 35. Rxh7+ Kd6 36. Ke3 a5 37. Rh6+ Kc7 38. Kd4 Kb6 39. Rg6 Na6 40. Rg5 Nc7 41. Re5 Na6 42. c5+ Ka7 43. Kc4 Nc7 44. Re3 Nd5 45. Ra3 Ka6 46. Rd3 Nb4 47. Rd8 Ka7 48. a3 Nd5 49. Rxd5 cxd5+ 50. Kxd5 Kb8 51. Kc4 Kc7 52. Kb5 a4 53. Kxa4 1/2-1/2

[Event "British Rapidplay"]
[Site "Peterborough"]
[Date "2025.03.02"]
[Round "8"]
[White "Tanmay, Chopra"]
[Black "Bin Suhayl, Ieysaa"]
[Result "1-0"]
[WhiteElo "2357"]
[BlackElo "2219"]
[PlyCount "115"]
[EventDate "2025.03.01"]
[EventType "swiss (rapid)"]
[EventRounds "11"]
[EventCountry "ENG"]
[SourceTitle "CB10_2025"]
[SourceDate "2025.03.05"]
[SourceVersion "1"]
[SourceVersionDate "2025.03.05"]
[SourceQuality "1"]

1. d4 Nf6 2. c4 e6 3. Nc3 Bb4 4. e3 0-0 5. Bd3 d5 6. a3 Bxc3+ 7. bxc3 dxc4 8. Bxc4 c5 9. Ne2 Nc6 10. 0-0 e5 11. Bb2 Na5 12. Ba2 Qc7 13. d5 c4 14. Ng3 Rd8 15. e4 h5 16. Qe2 h4 17. Nh5 Nh7 18. f4 g6 19. fxe5 Qxe5 20. Nf4 b5 21. a4 Bd7 22. axb5 Bxb5 23. Qf2 Nb7 24. Nxg6 fxg6 25. Qf7+ Kh8 26. Qxb7 Rdb8 27. Qf7 Be8 28. Qf2 Qxe4 29. Rae1 Qxd5 30. Rd1 Qe5 31. Bxc4 Bc6 32. Rde1 Qg7 33. Ba3 h3 34. Re7 hxg2 35. Rfe1 Rf8 36. Rxg7 Rxf2 37. Rxh7+ Kxh7 38. Kxf2 a5 39. Re7+ Kh8 40. Bc5 Rf8+ 41. Kg3 Rd8 42. Re6 Bd5 43. Bd4+ Kg8 44. Bxd5 Rxd5 45. Kxg2 Kh7 46. Ra6 Rb5 47. Kg3 Kh6 48. Kg4 Rb2 49. Be3+ Kh7 50. Ra7+ Kg8 51. Bf4 Rg2+ 52. Bg3 Rc2 53. Be5 Rg2+ 54. Kf3 Ra2 55. Ke4 a4 56. Kd5 a3 57. Ke6 Rf2 58. Rxa3 1-0

[Event "British Rapidplay"]
[Site "Peterborough"]
[Date "2025.03.01"]
[Round "1"]
[White "Bin Suhayl, Ieysaa"]
[Black "Watkinson, Phil"]
[Result "1-0"]
[WhiteElo "2219"]
[BlackElo "1775"]
[PlyCount "73"]
[EventDate "2025.03.01"]
[EventType "swiss (rapid)"]
[EventRounds "11"]
[EventCountry "ENG"]
[SourceTitle "CB10_2025"]
[SourceDate "2025.03.05"]
[SourceVersion "1"]
[SourceVersionDate "2025.03.05"]
[SourceQuality "1"]

1. Nf3 Nf6 2. c4 c6 3. d4 d5 4. e3 Bf5 5. Nc3 h6 6. Bd3 Bxd3 7. Qxd3 e6 8. 0-0 Nbd7 9. e4 Nxe4 10. Nxe4 dxe4 11. Qxe4 Nf6 12. Qe2 Bd6 13. Bd2 0-0 14. Rad1 Re8 15. h3 Qc7 16. Rfe1 Rad8 17. Bc3 a6 18. Qd2 Be7 19. Ba5 b6 20. Bc3 c5 21. Qc2 cxd4 22. Bxd4 b5 23. c5 Nd5 24. a3 Bf6 25. b4 Ra8 26. Bxf6 Nxf6 27. Rd4 a5 28. Nd2 axb4 29. axb4 Red8 30. Nb3 Ra4 31. Qb2 Nd5 32. Rg4 Nf6 33. Qxf6 g6 34. Nd4 Rd7 35. Nxb5 Qb7 36. Nd6 Qa7 37. Ne8 1-0

[Event "Isle of Wight op"]
[Site "Ryde"]
[Date "2025.02.19"]
[Round "3"]
[White "Eagleton, Greg T"]
[Black "Bin Suhayl, Ieysaa"]
[Result "0-1"]
[WhiteElo "2042"]
[BlackElo "2228"]
[PlyCount "82"]
[EventDate "2025.02.18"]
[EventType "swiss"]
[EventRounds "9"]
[EventCountry "ENG"]
[SourceTitle "CB09_2025"]
[SourceDate "2025.02.27"]
[SourceVersion "1"]
[SourceVersionDate "2025.02.27"]
[SourceQuality "1"]

1. d4 Nf6 2. c4 e6 3. Nf3 d5 4. Nc3 c6 5. cxd5 exd5 6. Bg5 Be7 7. e3 Bf5 8. Bd3 Bxd3 9. Qxd3 0-0 10. 0-0 Nbd7 11. a3 a5 12. Qc2 Re8 13. Ne1 Bd6 14. Qf5 Qc7 15. g3 Ne4 16. Nd3 g6 17. Qg4 h5 18. Qh4 Nd2 19. Kg2 Nxf1 20. Rxf1 Nf8 21. g4 hxg4 22. h3 g3 23. fxg3 Nh7 24. Bh6 b5 25. Nd1 Re4 26. g4 Rae8 27. Rf3 c5 28. Nc3 cxd4 29. Nxd5 Qd8 30. Nf6+ Nxf6 31. Bg5 Be7 32. Rxf6 dxe3 33. Rxf7 Kxf7 34. Qh7+ Ke6 35. Qxg6+ Kd5 36. Nf4+ Rxf4 37. Bxf4 Bc5 38. b4 axb4 39. axb4 Bxb4 40. Bg5 Qa8 41. Bf6 e2 0-1

[Event "Hastings Masters op 98th"]
[Site "Hastings"]
[Date "2024.12.31"]
[Round "6"]
[White "Bin Suhayl, Ieysaa"]
[Black "Zhang, Kendrick Botong"]
[Result "1-0"]
[WhiteElo "2183"]
[BlackElo "1979"]
[PlyCount "63"]
[EventDate "2024.12.28"]
[EventType "swiss"]
[EventRounds "9"]
[EventCountry "ENG"]
[SourceTitle "CB02_2025"]
[SourceDate "2025.01.08"]
[SourceVersion "1"]
[SourceVersionDate "2025.01.08"]
[SourceQuality "1"]

1. d4 Nf6 2. c4 g6 3. Nc3 d5 4. cxd5 Nxd5 5. e4 Nxc3 6. bxc3 Bg7 7. Nf3 c5 8. Be3 0-0 9. Be2 Nc6 10. 0-0 cxd4 11. cxd4 Bg4 12. d5 Ne5 13. Nxe5 Bxe2 14. Qxe2 Bxe5 15. Rab1 Qd7 16. f4 Bg7 17. Rbd1 Rfc8 18. e5 b5 19. Kh1 Rc4 20. Bg1 Rac8 21. h3 Qf5 22. d6 exd6 23. exd6 Qd7 24. Bxa7 Bf8 25. Qe5 Bxd6 26. Rxd6 Qxa7 27. f5 R4c5 28. Qd4 gxf5 29. Rd1 Qe7 30. Rd7 Qe5 31. Rd8+ Rxd8 32. Qxd8+ 1-0

[Event "Hastings Masters op 98th"]
[Site "Hastings"]
[Date "2024.12.29"]
[Round "3"]
[White "Verbytski, Oleg"]
[Black "Bin Suhayl, Ieysaa"]
[Result "1/2-1/2"]
[WhiteElo "2033"]
[BlackElo "2183"]
[PlyCount "68"]
[EventDate "2024.12.28"]
[EventType "swiss"]
[EventRounds "9"]
[EventCountry "ENG"]
[SourceTitle "CB02_2025"]
[SourceDate "2025.01.08"]
[SourceVersion "1"]
[SourceVersionDate "2025.01.08"]
[SourceQuality "1"]

1. e4 e5 2. Nf3 Nc6 3. Bc4 Bc5 4. c3 Nf6 5. d3 d6 6. Nbd2 a6 7. a4 0-0 8. 0-0 Re8 9. h3 Be6 10. Re1 Bxc4 11. dxc4 a5 12. Nf1 Ne7 13. Qc2 Ng6 14. Be3 Bxe3 15. fxe3 c6 16. Rad1 Qc7 17. Ng3 Rad8 18. b4 b5 19. axb5 axb4 20. cxb4 cxb5 21. c5 Rc8 22. Rc1 dxc5 23. bxc5 Qc6 24. Qb3 Nxe4 25. Nxe4 Qxe4 26. Qxf7+ Kh8 27. Qb3 Rf8 28. Rf1 h6 29. Kh1 Qc6 30. Qb4 Rf5 31. Kh2 Rcf8 32. Nd2 Rxf1 33. Rd1 R8f2 34. Rxf1 Rxf1 1/2-1/2

[Event "London Classic op 14th"]
[Site "London"]
[Date "2024.12.03"]
[Round "6"]
[White "Willmoth, Robert"]
[Black "Bin Suhayl, Ieysaa"]
[Result "1/2-1/2"]
[WhiteElo "2101"]
[BlackElo "2183"]
[PlyCount "75"]
[EventDate "2024.11.29"]
[EventType "swiss"]
[EventRounds "9"]
[EventCountry "ENG"]
[SourceTitle "CB50_2024"]
[SourceDate "2024.11.01"]
[SourceVersion "1"]
[SourceVersionDate "2024.11.01"]
[SourceQuality "2"]

1. Nf3 Nf6 2. e3 c5 3. b3 g6 4. Bb2 Bg7 5. Be2 0-0 6. 0-0 d5 7. d4 cxd4 8. exd4 Nc6 9. Ne5 h5 10. Nxc6 bxc6 11. Nc3 Qc7 12. h3 Nh7 13. Na4 Ng5 14. Nc5 Qf4 15. Qc1 Qh4 16. Qe3 Ne6 17. Nxe6 Bxe6 18. Rad1 Bf5 19. Bd3 Bxd3 20. Qxd3 c5 21. Rfe1 Rfe8 22. c3 cxd4 23. cxd4 e6 24. Re2 Rec8 25. Rc2 Qd8 26. Rdc1 Rxc2 27. Rxc2 Qa5 28. Bc3 Qb6 29. Bb2 Bf8 30. Bc1 a5 31. Bd2 a4 32. b4 a3 33. Rc1 Rb8 34. Rb1 Rc8 35. Qxa3 Qxd4 36. Qe3 Qxe3 37. Bxe3 d4 38. Bxd4 1/2-1/2

[Event "London Classic op 14th"]
[Site "London"]
[Date "2024.11.29"]
[Round "1"]
[White "Bin Suhayl, Ieysaa"]
[Black "Harvey, Marcus Ross"]
[Result "0-1"]
[WhiteElo "2183"]
[BlackElo "2491"]
[PlyCount "106"]
[EventDate "2024.11.29"]
[EventType "swiss"]
[EventRounds "9"]
[EventCountry "ENG"]
[SourceTitle "CB50_2024"]
[SourceDate "2024.11.01"]
[SourceVersion "1"]
[SourceVersionDate "2024.11.01"]
[SourceQuality "2"]

1. Nf3 d5 2. d4 Nf6 3. g3 Nbd7 4. Bg2 Nb6 5. 0-0 Bf5 6. Ne5 Nfd7 7. c4 c6 8. cxd5 cxd5 9. a4 Nxe5 10. dxe5 e6 11. a5 Nd7 12. Qa4 Rc8 13. b3 Be7 14. e4 Bxe4 15. Bxe4 dxe4 16. Ba3 0-0 17. Rd1 Rc7 18. Qxe4 Nc5 19. Rxd8 Nxe4 20. Bxe7 Rxe7 21. Rd4 Nc5 22. Rc4 Nd3 23. f4 g5 24. Nd2 gxf4 25. gxf4 f6 26. Rd4 Rg7+ 27. Kf1 Nxe5 28. Rd6 Ng6 29. Rxe6 Nxf4 30. Re4 Nd3 31. Nf3 Ne5 32. Nxe5 fxe5+ 33. Ke2 Rf5 34. Kd3 Rd7+ 35. Kc4 Kf7 36. a6 bxa6 37. Rxa6 Rf4 38. Rxf4+ exf4 39. Rh6 Kg7 40. Rh4 Rf7 41. Kd3 f3 42. Rg4+ Kh6 43. Rg1 f2 44. Rf1 Kg5 45. Ke3 Kg4 46. Rxf2 Rxf2 47. Kxf2 Kf4 48. Ke2 Ke4 49. h3 Kf4 50. b4 Ke4 51. h4 h5 52. Kd2 Kd4 53. Kc2 Kc4 0-1